00586naa a2200217 a 450000100080000000500110000800800410001910000200006024500970008026000090017765000100018665000130019665000090020965000120021865300150023065300240024570000140026970000170028370000170030077300510031717993862017-04-25 1986 bl --- 0-- u #d1 aWATANABE, M. F. aStrong probability of lethal toxicity in the blue-green alga Microcystis viridis Lemmermann. c1986 aalgae atoxicity aAlga aToxidez aCianoficea aMicrocystis viridis1 aOISHI, S.1 aWATANABE, Y.1 aWATANABE, M. tJournal Phycologygv.22, n.4, p.552-556, 1986.